Geometrie circumstantiala
Αποθηκεύτηκε σε:
| Κύριος συγγραφέας: | |
|---|---|
| Μορφή: | Βιβλίο |
| Γλώσσα: | Romanian Russian |
| Δημοσίευση: |
Romania :
Editura Junimea Iasi,
1983.
|
| Θέματα: | |
| Ετικέτες: |
Προσθήκη ετικέτας
Δεν υπάρχουν, Καταχωρήστε ετικέτα πρώτοι!
|
MARC
| LEADER | 00000cam a2200000 i 4500 | ||
|---|---|---|---|
| 001 | 1/125172 | ||
| 008 | 220701s1983 rm | ||| |||| ||rum|| | ||
| 035 | |l 10103348 | ||
| 040 | |a GR-MyUA |b gre |e AACR2 | ||
| 041 | 0 | |a rum |h rus | |
| 082 | 0 | |a 516 |2 (22) | |
| 100 | 1 | |a Branzei, Dan. | |
| 245 | 1 | 0 | |a Geometrie circumstantiala / |c Dan Branzei. |
| 260 | |a Romania : |b Editura Junimea Iasi, |c 1983. | ||
| 300 | |a 231, [1] σ. ; |c 21 εκ. | ||
| 650 | 0 | 0 | |a Geometry. |
| 852 | |a INST |b SAMOS |c MAG |e 20220701 |h 516 BRA |p 005300034577 |q 005300034577 |t BK |y 0 | ||
| 970 | |a Γουβάλα |b Βάσω |z 01-07-2022 | ||